000 00305nam a22001217a 4500
008 160420b xxu||||| |||| 00| 0 eng d
020 _a9780721603636
020 _a0721603637
041 _aeng
080 _a618.2
245 1 0 _aNurse anesthesia:
_cJohn J. Nagelhout; Karen L. Zaglaniczny;
942 _2udc
_cBK
999 _c1453
_d1453